[Event "CRO Cup"]
[Site "Mali Losinj"]
[Date "2017.05.12"]
[Round "4.9"]
[White "Radikovic, Anamarija"]
[Black "Greb, Nikola"]
[Result "0-1"]
[WhiteElo "1905"]
[BlackElo "2049"]
[PlyCount "162"]
[EventDate "2017.05.10"]
[EventType "team-swiss"]
[EventRounds "6"]
[EventCountry "CRO"]
[SourceTitle "CBM 178 Extra"]
[Source "ChessBase"]
[SourceDate "2017.06.22"]
[SourceVersion "1"]
[SourceVersionDate "2017.06.22"]
[SourceQuality "1"]
[WhiteTeam "Novo Virje Konaki"]
[BlackTeam "Zagreb Caissa"]
[WhiteTeamCountry "CRO"]
[BlackTeamCountry "CRO"]

1. e4 c5 2. c3 Nf6 3. e5 Nd5 4. d4 cxd4 5. cxd4 d6 6. Bc4 e6 7. Nf3 Be7 8. 0-0 0-0 9. Nc3 Nxc3 10. bxc3 b6 11. Bf4 Ba6 12. Bxa6 Nxa6 13. Qd3 Nc7 14. exd6 Bxd6 15. Bxd6 Qxd6 16. c4 Rfd8 17. Rfd1 Rac8 18. Rac1 Ne8 19. h3 Rc7 20. Qb3 Rdc8 21. Rd2 Nf6 22. Rdc2 h6 23. a4 a5 24. Rb1 Nd5 25. Rbc1 Qb4 26. Qa2 Ne7 27. d5 exd5 28. cxd5 Nxd5 29. Rxc7 Rxc7 30. Rxc7 Nxc7 31. Qc2 Qc5 32. Qe4 f5 33. Qf4 Ne6 34. Qb8+ Kh7 35. Qe8 Qc1+ 36. Kh2 Qf4+ 37. Kh1 Qe4 38. Qb5 Nf4 39. Qxb6 Qxa4 40. Qc5 Qd1+ 41. Kh2 Qd5 42. Qxd5 Nxd5 43. Nd4 Kg6 44. Kg3 a4 45. Nc2 Kf6 46. Kf3 Ke5 47. g3 Nc3 48. Ke3 Nb5 49. Nb4 Kd6 50. Kd3 Kc5 51. Na6+ Kb6 52. Nb4 Nd6 53. f3 Kc5 54. Nc2 Nf7 55. f4 Nd6 56. g4 Ne4 57. Ne3 a3 58. Kc2 Nd6 59. Kb3 Kd4 60. Ng2 a2 61. Kxa2 Ke4 62. Kb3 Kf3 63. Nh4+ Kxf4 64. Ng6+ Kg3 65. gxf5 Nxf5 66. Kc3 Kxh3 67. Kd3 Kg3 68. Ke2 h5 69. Kf1 Nh4 70. Ne5 Nf3 71. Nd3 h4 72. Nf2 h3 73. Nh1+ Kf4 74. Kf2 g5 75. Ng3 g4 76. Ne2+ Kg5 77. Kg3 Nd2 78. Ng1 Ne4+ 79. Kh2 Kh4 80. Ne2 g3+ 81. Kg1 Nf2 0-1

[Event "CRO-chT U20 22nd"]
[Site "Durdevac"]
[Date "2013.03.28"]
[Round "7"]
[White "Muskardin, Mario"]
[Black "Greb, Nikola"]
[Result "1-0"]
[WhiteElo "2233"]
[BlackElo "2053"]
[PlyCount "33"]
[EventDate "2013.03.25"]
[EventType "team-tourn"]
[EventRounds "9"]
[EventCountry "CRO"]
[SourceTitle "CBM 153 Extra"]
[Source "ChessBase"]
[SourceDate "2013.04.22"]
[SourceVersion "1"]
[SourceVersionDate "2013.04.22"]
[SourceQuality "1"]

1. d4 d5 2. c4 c6 3. Nf3 Nf6 4. e3 a6 5. Nc3 e6 6. Bd3 Be7 7. 0-0 b5 8. b3 Nbd7 9. Bb2 0-0 10. Qe2 Bb7 11. Rac1 Qa5 12. Bb1 Rfe8 13. e4 Nxe4 14. Nxe4 dxe4 15. Qxe4 Nf8 16. Ne5 Qb6 17. Nd7 1-0

[Event "Zagreb op-B"]
[Site "Zagreb"]
[Date "2012.03.09"]
[Round "5"]
[White "Greb, Nikola"]
[Black "Kljako, Damir"]
[Result "1-0"]
[WhiteElo "2082"]
[BlackElo "2185"]
[PlyCount "159"]
[EventDate "2012.03.05"]
[EventType "swiss"]
[EventRounds "9"]
[EventCountry "CRO"]
[SourceTitle "CBM 147 Extra"]
[Source "ChessBase"]
[SourceDate "2012.04.24"]
[SourceVersion "1"]
[SourceVersionDate "2012.04.24"]
[SourceQuality "1"]

1. e4 g6 2. d4 Bg7 3. Nc3 d6 4. h3 Nd7 5. Nf3 c5 6. Be3 cxd4 7. Bxd4 Ngf6 8. Bc4 0-0 9. Qe2 a6 10. a4 Qc7 11. 0-0 b6 12. Nd5 Nxd5 13. Bxd5 Rb8 14. Ra3 Ne5 15. Nxe5 dxe5 16. Be3 e6 17. Rc3 Qe7 18. Bb3 Rd8 19. Rd1 Bf8 20. Rxd8 Qxd8 21. Rd3 Qc7 22. Bg5 Bb7 23. f3 h6 24. Bf6 Be7 25. Bxe7 Qxe7 26. Qe3 Qf8 27. Qd2 b5 28. axb5 axb5 29. Qc3 b4 30. Qxe5 Ba6 31. Rd7 Re8 32. Qd6 Ra8 33. Qb6 Qb8 34. Qxb8+ Rxb8 35. Kf2 Rb6 36. f4 Bb7 37. e5 Be4 38. Rd4 Bb7 39. g3 h5 40. Ke3 Bg2 41. h4 Bh3 42. Rd6 Rb8 43. Kd4 Bf5 44. Rc6 Kf8 45. Kc5 Be4 46. Rc7 Bf5 47. Kd6 Rd8+ 48. Rd7 Rc8 49. Rc7 Rd8+ 50. Kc5 Rb8 51. Ba4 Be4 52. Kd6 Ra8 53. Bc6 Ra6 54. Kc5 Bxc6 55. Rxc6 Ra2 56. Kxb4 Rxb2+ 57. Kc3 Rb1 58. Rd6 Ke7 59. Kc4 f6 60. Ra6 fxe5 61. fxe5 Rb2 62. Ra7+ Kf8 63. Kc5 Rxc2+ 64. Kd6 Rc3 65. Kxe6 Rxg3 66. Kf6 Rf3+ 67. Kxg6 Rf4 68. Kg5 Re4 69. Ra5 Ke7 70. Kxh5 Ke6 71. Kg5 Re1 72. h5 Rg1+ 73. Kh6 Rg2 74. Kh7 Rg1 75. h6 Rg2 76. Kh8 Rg1 77. h7 Rg2 78. Ra8 Kxe5 79. Rg8 Rh2 80. Kg7 1-0

[Event "CRO-chT2 Center"]
[Site "Croatia"]
[Date "2011.10.23"]
[Round "11.24"]
[White "Greb, Nikola"]
[Black "Ilincic, Pavle"]
[Result "1/2-1/2"]
[WhiteElo "2069"]
[BlackElo "2172"]
[PlyCount "28"]
[EventDate "2011.03.20"]
[EventType "team-tourn"]
[EventRounds "11"]
[EventCountry "CRO"]
[SourceTitle "EXT 2014"]
[Source "ChessBase"]
[SourceDate "2013.11.20"]
[SourceVersion "1"]
[SourceVersionDate "2013.11.20"]
[SourceQuality "1"]

1. e4 d5 2. exd5 Qxd5 3. Nc3 Qa5 4. d4 c6 5. Bd3 Nf6 6. h3 Bf5 7. Nf3 Bxd3 8. Qxd3 Nbd7 9. Bf4 e6 10. 0-0 Be7 11. Ne5 0-0 12. Nc4 Qa6 13. Rad1 Nd5 14. Bh2 Nb4 1/2-1/2

[Event "Split op 1st"]
[Site "Split"]
[Date "2011.08.08"]
[Round "4"]
[White "Greb, Nikola"]
[Black "Zelic, Mladen"]
[Result "0-1"]
[WhiteElo "2090"]
[BlackElo "2270"]
[PlyCount "46"]
[EventDate "2011.08.05"]
[EventType "swiss"]
[EventRounds "9"]
[EventCountry "CRO"]
[SourceTitle "CBM 143 Extra"]
[Source "ChessBase"]
[SourceDate "2011.08.29"]
[SourceVersion "1"]
[SourceVersionDate "2011.08.29"]
[SourceQuality "1"]

1. e4 c5 2. Nc3 e6 3. f4 Nc6 4. Nf3 d5 5. Bb5 dxe4 6. Bxc6+ bxc6 7. Nxe4 Ba6 8. d3 c4 9. d4 Nf6 10. Nxf6+ gxf6 11. c3 Qd5 12. 0-0 Bd6 13. Qe2 0-0-0 14. b4 Rhg8 15. a4 Bb7 16. b5 Rg6 17. Ba3 Rdg8 18. Rf2 Bxf4 19. Bc5 Qh5 20. Kh1 cxb5 21. Raf1 Bxh2 22. g4 Rxg4 23. Rxh2 Bxf3+ 0-1

[Event "CRO-ch U19"]
[Site "Topusko"]
[Date "2011.07.26"]
[Round "4"]
[White "Greb, Nikola"]
[Black "Jambrusic, Zvonimir"]
[Result "1-0"]
[WhiteElo "2090"]
[BlackElo "1850"]
[PlyCount "85"]
[EventDate "2011.07.24"]
[EventType "swiss"]
[EventRounds "9"]
[EventCountry "CRO"]
[SourceTitle "EXT 2012"]
[Source "ChessBase"]
[SourceDate "2011.11.24"]
[SourceVersion "1"]
[SourceVersionDate "2011.11.24"]
[SourceQuality "1"]

1. e4 c6 2. d4 d5 3. Nc3 dxe4 4. Nxe4 Nf6 5. Ng5 h6 6. N5f3 Bf5 7. Bd3 Bxd3 8. Qxd3 e6 9. Bf4 Bd6 10. Ne2 Bxf4 11. Nxf4 Qc7 12. Ne5 Nbd7 13. Nxe6 Qa5+ 14. b4 Nxe5 15. Qb3 Qb6 16. dxe5 Nd5 17. Nxg7+ Kf8 18. Nf5 Qxb4+ 19. Qxb4+ Nxb4 20. Ne3 b5 21. a3 Nd5 22. Nxd5 cxd5 23. 0-0-0 Rd8 24. Rd4 Ke7 25. Rhd1 Ke6 26. f4 Rd7 27. R1d3 Rg8 28. g3 Rc8 29. Kb2 a5 30. c3 Rc5 31. Re3 Kf5 32. h3 h5 33. Rd1 Rd8 34. Red3 Ke4 35. Rd4+ Kf5 36. Kc2 Rdc8 37. R1d3 Ke6 38. Kd2 R8c7 39. g4 hxg4 40. hxg4 Rc8 41. Rh3 Rg8 42. Rh6+ Rg6 43. f5+ 1-0

[Event "CRO-ch U19"]
[Site "Topusko"]
[Date "2011.07.25"]
[Round "2"]
[White "Greb, Nikola"]
[Black "Ivekovic, Zvonimir"]
[Result "0-1"]
[WhiteElo "2090"]
[BlackElo "2342"]
[PlyCount "56"]
[EventDate "2011.07.24"]
[EventType "swiss"]
[EventRounds "9"]
[EventCountry "CRO"]
[SourceTitle "EXT 2012"]
[Source "ChessBase"]
[SourceDate "2011.11.24"]
[SourceVersion "1"]
[SourceVersionDate "2011.11.24"]
[SourceQuality "1"]

1. e4 c5 2. Nc3 d6 3. f4 Nc6 4. Nf3 g6 5. Bc4 Bg7 6. 0-0 e6 7. d3 Nge7 8. Qe1 0-0 9. Qh4 d5 10. Bb3 dxe4 11. dxe4 Nd4 12. f5 gxf5 13. Bh6 Ng6 14. Qh5 Nxf3+ 15. Rxf3 fxe4 16. Rh3 Bxh6 17. Qxh6 Qd4+ 18. Kh1 Qg7 19. Qe3 f5 20. Qxc5 Kh8 21. Qd6 e5 22. Rg3 f4 23. Rg5 Bf5 24. Rd1 e3 25. Be6 Bxc2 26. Rc1 Rad8 27. Qb4 Qf6 28. Rf5 Bxf5 0-1

[Event "CRO-ch U19"]
[Site "Topusko"]
[Date "2011.07.25"]
[Round "3"]
[White "Srsan, Matija"]
[Black "Greb, Nikola"]
[Result "0-1"]
[WhiteElo "1870"]
[BlackElo "2090"]
[PlyCount "90"]
[EventDate "2011.07.24"]
[EventType "swiss"]
[EventRounds "9"]
[EventCountry "CRO"]
[SourceTitle "EXT 2012"]
[Source "ChessBase"]
[SourceDate "2011.11.24"]
[SourceVersion "1"]
[SourceVersionDate "2011.11.24"]
[SourceQuality "1"]

1. e4 c5 2. Nf3 Nc6 3. d4 cxd4 4. Nxd4 Nf6 5. Nc3 e5 6. Ndb5 d6 7. Nd5 Nxd5 8. exd5 Ne7 9. Be3 a6 10. Na3 Nf5 11. Bd2 Be7 12. Bd3 0-0 13. c3 Nh4 14. g3 Ng6 15. Bxg6 fxg6 16. Be3 Bh3 17. Rg1 Bf5 18. f3 b5 19. Qe2 Rc8 20. g4 Bd7 21. Nc2 Bh4+ 22. Bf2 Bxf2+ 23. Kxf2 Rc4 24. Kg3 Qg5 25. h3 Rcf4 26. Raf1 h5 27. Ne3 h4+ 28. Kg2 R4f6 29. Rf2 e4 30. f4 Rxf4 31. Rxf4 Qxf4 32. Qe1 Qf3+ 33. Kh2 Qf4+ 34. Kg2 g5 35. Rf1 Qe5 36. Rxf8+ Kxf8 37. b3 Kg8 38. c4 b4 39. Qf2 a5 40. Qe1 Qf4 41. Qf2 Kf7 42. Kf1 Kf6 43. Ng2 Qxf2+ 44. Kxf2 Ke5 45. Ke3 Bxg4 0-1

[Event "CRO-ch U19"]
[Site "Topusko"]
[Date "2011.07.24"]
[Round "1"]
[White "Dzaja, Martin Zorislav"]
[Black "Greb, Nikola"]
[Result "0-1"]
[WhiteElo "1768"]
[BlackElo "2090"]
[PlyCount "84"]
[EventDate "2011.07.24"]
[EventType "swiss"]
[EventRounds "9"]
[EventCountry "CRO"]
[SourceTitle "EXT 2012"]
[Source "ChessBase"]
[SourceDate "2011.11.24"]
[SourceVersion "1"]
[SourceVersionDate "2011.11.24"]
[SourceQuality "1"]

1. e4 c5 2. Nf3 Nc6 3. d4 cxd4 4. Nxd4 Nf6 5. Nc3 e5 6. Ndb5 d6 7. Bg5 a6 8. Na3 Be6 9. Nc4 Rc8 10. Bxf6 gxf6 11. Ne3 Nd4 12. Bd3 Bh6 13. Ncd5 Bxe3 14. fxe3 Nc6 15. 0-0 Bxd5 16. exd5 Nb4 17. Qg4 Nxd5 18. Qg7 Rf8 19. Bxh7 Qb6 20. Qg4 Ke7 21. Qf3 Qxe3+ 22. Qxe3 Nxe3 23. Rf3 Nxc2 24. Raf1 Nd4 25. Rxf6 Rc1 26. Rxc1 Ne2+ 27. Kf2 Nxc1 28. Rf3 Nxa2 29. Be4 b5 30. Bb7 Nb4 31. Ra3 Rb8 32. Bxa6 Nxa6 33. Rxa6 Rc8 34. Rb6 Rc2+ 35. Kf3 Rxb2 36. h4 f5 37. h5 Rb3+ 38. Kf2 Rb1 39. h6 Rh1 40. h7 Ke6 41. Rxb5 Rxh7 42. Kf3 Rc7 0-1

[Event "CRO-chT U20 20th"]
[Site "Sv Filip i Jakov"]
[Date "2011.04.28"]
[Round "6"]
[White "Greb, Nikola"]
[Black "Tomulic, Teo"]
[Result "1-0"]
[WhiteElo "2069"]
[BlackElo "1650"]
[PlyCount "89"]
[EventDate "2011.04.26"]
[EventType "team-tourn"]
[EventRounds "11"]
[EventCountry "CRO"]
[SourceTitle "EXT 2012"]
[Source "ChessBase"]
[SourceDate "2011.11.24"]
[SourceVersion "1"]
[SourceVersionDate "2011.11.24"]
[SourceQuality "1"]

1. e4 c5 2. Nc3 e6 3. f4 a6 4. d4 cxd4 5. Qxd4 Nc6 6. Qf2 d6 7. Nf3 Qc7 8. Bd3 Nf6 9. h3 Be7 10. Be3 0-0 11. 0-0 b5 12. a4 b4 13. Ne2 Bb7 14. Rae1 Rac8 15. Ng3 Rfe8 16. Qe2 Ra8 17. Nh2 Rec8 18. Ng4 Na5 19. b3 Nc6 20. f5 e5 21. Nxf6+ Bxf6 22. Nh5 Kh8 23. Qf2 Qe7 24. Rd1 Rd8 25. Bc4 Rd7 26. Nxf6 gxf6 27. Bb6 Qf8 28. Rd3 Rc8 29. Qh4 Qe7 30. Rfd1 Nb8 31. Be3 Rg8 32. Bd5 Bxd5 33. Rxd5 Rc7 34. Qf2 Rc6 35. R1d2 Nd7 36. Qe2 Nb6 37. R5d3 Rgc8 38. Qd1 Rd8 39. Bh6 Nc8 40. Rg3 Rc3 41. Bg7+ Kg8 42. Qg4 Qa7+ 43. Kh2 Ne7 44. Bxf6+ Kf8 45. Bxe5 1-0

[Event "CRO-chT U20 20th"]
[Site "Sv Filip i Jakov"]
[Date "2011.04.27"]
[Round "3"]
[White "Vujnovic, Patricija"]
[Black "Greb, Nikola"]
[Result "0-1"]
[WhiteElo "1939"]
[BlackElo "2069"]
[PlyCount "106"]
[EventDate "2011.04.26"]
[EventType "team-tourn"]
[EventRounds "11"]
[EventCountry "CRO"]
[SourceTitle "EXT 2012"]
[Source "ChessBase"]
[SourceDate "2011.11.24"]
[SourceVersion "1"]
[SourceVersionDate "2011.11.24"]
[SourceQuality "1"]

1. d4 c5 2. e3 d5 3. Nf3 Nf6 4. Nbd2 Nc6 5. b3 cxd4 6. exd4 Bg4 7. Bb2 e6 8. a3 Bd6 9. Be2 0-0 10. Ne5 Bf5 11. 0-0 Nd7 12. Ndf3 Qc7 13. Nxd7 Qxd7 14. Bd3 Bxd3 15. Qxd3 Rac8 16. Rfe1 Ne7 17. Re2 Ng6 18. g3 Rc6 19. Qd2 Rfc8 20. Ne1 Bb8 21. Rc1 Qc7 22. Nd3 a5 23. h4 Nxh4 24. Kf1 Ng6 25. f4 Qd8 26. Rh2 b6 27. Qe2 Qf6 28. Qh5 Nf8 29. Qf3 Qg6 30. g4 Nd7 31. g5 f6 32. gxf6 Nxf6 33. Rg2 Qh6 34. Re2 Qh5 35. Qe3 Qh1+ 36. Qg1 Qh3+ 37. Ke1 Qxd3 38. cxd3 Rxc1+ 39. Bxc1 Rxc1+ 40. Kf2 Rxg1 41. Kxg1 Kf7 42. Rf2 g6 43. Kg2 Ke7 44. Kf3 Nh5 45. Rc2 Kd7 46. Rh2 Bxf4 47. Rh1 Bd6 48. a4 Nf6 49. Rh6 Ke7 50. Rh1 g5 51. Rc1 Kd7 52. Kg2 h5 53. Rf1 Bf4 0-1

[Event "CRO-chT U20 20th"]
[Site "Sv Filip i Jakov"]
[Date "2011.04.26"]
[Round "2"]
[White "Greb, Nikola"]
[Black "Dzaja, Martin Zorislav"]
[Result "1/2-1/2"]
[WhiteElo "2069"]
[BlackElo "1745"]
[PlyCount "92"]
[EventDate "2011.04.26"]
[EventType "team-tourn"]
[EventRounds "11"]
[EventCountry "CRO"]
[SourceTitle "EXT 2012"]
[Source "ChessBase"]
[SourceDate "2011.11.24"]
[SourceVersion "1"]
[SourceVersionDate "2011.11.24"]
[SourceQuality "1"]

1. e4 c5 2. Nc3 Nc6 3. Bb5 Nd4 4. Bc4 e6 5. Nf3 Qc7 6. d3 a6 7. Nxd4 cxd4 8. Ne2 b5 9. Bb3 Bb4+ 10. Bd2 Bxd2+ 11. Qxd2 Qc5 12. 0-0 Nf6 13. c3 dxc3 14. Nxc3 d6 15. d4 Qb6 16. e5 Nd7 17. exd6 Qxd6 18. Ne4 Qb6 19. d5 Nc5 20. Nxc5 Qxc5 21. Rad1 Qe7 22. d6 Qd8 23. Bc2 Bb7 24. Rfe1 0-0 25. f3 Bd5 26. Qd3 g6 27. Bb3 Qxd6 28. Bxd5 Qxd5 29. Qxd5 exd5 30. Rxd5 Rfd8 31. Red1 Rxd5 32. Rxd5 Rc8 33. Rd2 Kf8 34. Kf2 Ke7 35. Kg3 Ke6 36. Kg4 h6 37. Re2+ Kf6 38. b3 Rc5 39. f4 a5 40. Kf3 h5 41. Ke4 Ke6 42. Kd4+ Kd6 43. Re5 Rc2 44. Rxb5 Rxa2 45. g3 a4 46. bxa4 Rxa4+ 1/2-1/2

[Event "Zagreb op-B"]
[Site "Zagreb"]
[Date "2011.04.15"]
[Round "5"]
[White "Greb, Nikola"]
[Black "Bozinovic, Bogdan"]
[Result "0-1"]
[WhiteElo "2069"]
[BlackElo "2231"]
[PlyCount "86"]
[EventDate "2011.04.11"]
[EventType "swiss"]
[EventRounds "9"]
[EventCountry "CRO"]
[SourceTitle "CBM 141 Extra"]
[Source "ChessBase"]
[SourceDate "2011.05.03"]
[SourceVersion "1"]
[SourceVersionDate "2011.05.03"]
[SourceQuality "1"]

1. e4 c5 2. Nc3 Nc6 3. f4 g6 4. Nf3 Bg7 5. Bb5 Nd4 6. Nxd4 cxd4 7. Ne2 Nf6 8. Bd3 d6 9. Nxd4 Nxe4 10. Bxe4 Bxd4 11. c3 Bg7 12. d4 0-0 13. 0-0 Rb8 14. f5 b5 15. Qf3 b4 16. Bg5 bxc3 17. bxc3 Ba6 18. Rf2 Bc4 19. Re1 d5 20. Bd3 Bxd3 21. Qxd3 Rb7 22. Rfe2 Bf6 23. Qd2 Qd6 24. Rf1 Rc8 25. Bxf6 exf6 26. Rfe1 Kg7 27. Re3 Qf4 28. Rf1 Qg5 29. Qe1 Rb1 30. Qf2 Rb2 31. Re2 Rxe2 32. Qxe2 Rxc3 33. fxg6 hxg6 34. Rd1 Qf5 35. Qd2 Rc2 36. Qe3 Rxa2 37. Rf1 Qe4 38. Qxe4 dxe4 39. Rd1 Kf8 40. Re1 f5 41. g4 Ke7 42. gxf5 gxf5 43. h4 Rd2 0-1

[Event "CRO-chT2 Center"]
[Site "Croatia"]
[Date "2011.04.03"]
[Round "6.55"]
[White "Matko, Ognjen"]
[Black "Greb, Nikola"]
[Result "1/2-1/2"]
[WhiteElo "2236"]
[BlackElo "2069"]
[PlyCount "54"]
[EventDate "2011.03.20"]
[EventType "team-tourn"]
[EventRounds "11"]
[EventCountry "CRO"]
[SourceTitle "EXT 2014"]
[Source "ChessBase"]
[SourceDate "2013.11.20"]
[SourceVersion "1"]
[SourceVersionDate "2013.11.20"]
[SourceQuality "1"]

1. e4 d5 2. exd5 Nf6 3. Nf3 Nxd5 4. d4 g6 5. Be2 Bg7 6. 0-0 0-0 7. Re1 Nc6 8. c3 Re8 9. Bc4 Nb6 10. Bb3 Na5 11. Bc2 Nac4 12. Nbd2 Nxd2 13. Qxd2 Nc4 14. Qe2 Nd6 15. Bb3 h6 16. Ne5 e6 17. Bf4 a5 18. a4 b6 19. Rad1 Bb7 20. Qg4 Qf6 21. Bc1 Rad8 22. Bc2 Nf5 23. f4 Nh4 24. g3 Nf5 25. Qe2 Qe7 26. Be4 Bxe4 27. Qxe4 Rd5 1/2-1/2

[Event "CRO-chT2 Center"]
[Site "Zagreb"]
[Date "2010.10.10"]
[Round "7.56"]
[White "Greb, Nikola"]
[Black "Horvat, David"]
[Result "1-0"]
[WhiteElo "2053"]
[BlackElo "2091"]
[PlyCount "55"]
[EventDate "2010.03.21"]
[EventType "team-tourn"]
[EventRounds "11"]
[EventCountry "CRO"]
[SourceTitle "EXT 2012"]
[Source "ChessBase"]
[SourceDate "2011.11.24"]
[SourceVersion "1"]
[SourceVersionDate "2011.11.24"]
[SourceQuality "1"]

1. e4 c5 2. Nc3 Nc6 3. f4 g6 4. Nf3 Bg7 5. Bb5 Nd4 6. Nxd4 cxd4 7. Ne2 Nh6 8. h3 Qc7 9. 0-0 Qc5 10. Bd3 d6 11. Kh1 0-0 12. c3 dxc3 13. bxc3 Qh5 14. Ng1 Ng4 15. Be2 f5 16. d4 Qh4 17. Qb3+ Kh8 18. Nf3 Qh6 19. e5 Rb8 20. Bd2 Bd7 21. Kg1 Bc6 22. Ng5 Qh4 23. Be1 Qh6 24. hxg4 fxg4 25. Bxg4 dxe5 26. Nf7+ Rxf7 27. Qxf7 exd4 28. Qc4 1-0

[Event "CRO-ch U17"]
[Site "Bjelolasica"]
[Date "2010.07.25"]
[Round "1"]
[White "Krsnik, Vedran"]
[Black "Greb, Nikola"]
[Result "0-1"]
[WhiteElo "1639"]
[BlackElo "2045"]
[PlyCount "48"]
[EventDate "2010.07.25"]
[EventType "swiss"]
[EventRounds "9"]
[EventCountry "CRO"]
[SourceTitle "CBM 137 Extra"]
[Source "ChessBase"]
[SourceDate "2010.09.01"]
[SourceVersion "1"]
[SourceVersionDate "2010.09.01"]
[SourceQuality "1"]

1. e4 c5 2. Nf3 Nc6 3. d4 cxd4 4. Nxd4 Nf6 5. Nc3 e5 6. Nf3 d6 7. Bc4 Be6 8. Bb3 Be7 9. Bg5 0-0 10. 0-0 Ne8 11. Qd2 Bxb3 12. axb3 Nd4 13. Bxe7 Nxf3+ 14. gxf3 Qxe7 15. Nd5 Qd8 16. Kh1 Nc7 17. Rg1 Ne6 18. Rg3 Kh8 19. Rag1 f5 20. Qb4 Qd7 21. h4 f4 22. Rg4 Nd4 23. c3 Nxf3 24. R1g2 h5 0-1